Five most succesful companies by category - Statistics

General Stats
  • This quiz has been taken 60 times
  • The average score is 11 of 42
Answer Stats
Answer % Correct
Mc donalds
97%
Burger king
83%
Apple Inc
80%
Disney
65%
Disney
65%
Samsung Electronics
65%
Subway
60%
The New York times
57%
Coca Cola
53%
Sony
48%
Wendy's
48%
Pepsi
43%
Time warner
37%
21st century fox
33%
Alphabet
32%
Starbucks
30%
Gucci
25%
The washington post
20%
Facebook
18%
Nestle
18%
Chanel
17%
Dell
17%
Hewlett Packard
15%
Prada
15%
Comcast
13%
Louis Vuitton
13%
Daily mail
10%
Nbc
8%
The Guardian
5%
21st century fox
3%
Hermes
3%
Tyson Foods
2%
Clothing brands
0%
Electronic companies
0%
Fastfood restaurants
0%
Food and beverage companies
0%
Foxconn
0%
Kraft Heinz
0%
Media companies
0%
Movie studios
0%
Newspapers
0%
Peoples daily
0%
No matching quizzes found
Score Distribution
Percent of People with Each Score
Percentile by Number Answered
Your Score History
You have not taken this quiz